Normal view
MARC view
- RADIQUE, AKHTAR
Entry Personal Name
001 - CONTROL NUMBER
- control field: 76520
003 - CONTROL NUMBER IDENTIFIER
- control field: NUST
005 - DATE AND TIME OF LATEST TRANSACTION
- control field: 20210628205648.0
008 - FIXED-LENGTH DATA ELEMENTS
- fixed length control field: 210628|| aca||aabn | a|a d
040 ## - CATALOGING SOURCE
- Original cataloging agency: NUST
- Transcribing agency: NUST
100 ## - HEADING--PERSONAL NAME
- Personal name: RADIQUE, AKHTAR
670 ## - SOURCE DATA FOUND
- Source citation: Work cat.: (NUST): RADIQUE, AKHTAR, PAKISTAN YEARS BOOK 1980-81, 1980
